Statistics for English Premier League Multiple Choice Quiz

Click here to take the quiz!

General Stats

  • This quiz has been taken 165 times
  • The average score is 5 of 10

Answer Stats

QuestionAnswer% Correct
Which of these cubs has NOT been an ever present member since the PL started?Manchester City
71%
What PL fact unites West Brom, Sunderland and LeicesterThey have avoided relegation after being bottom at Christmas
62%
Alan Shearer's record number of PL goals is......260
57%
And that number was......15
56%
3 clubs hold the record for most defeats in a season (29).....one of those 3 is listed below who is it?Sunderland
49%
The oldest ever PL goalscorer is....Teddy Sherringham
49%
The club who conceded the fewest goals in one season is....Chelsea
48%
Which of these have never played in the PL?Bristol City
44%
Norwich, Southampton and Manchester City hold the record for the most consecutive draws.....what number is this?7
32%
And the keeper with the most consecutive clean sheets (14) is.....Edwin Van der Sar
26%

Score Distribution

Percentile by Number Answered

Percent of People with Each Score

Your Score History

You have not taken this quiz